000 00584nam a2200181Ia 4500
008 100917s9999 xx 000 0 und d
082 _b10725
100 _aचेंदवणकर सदानंद
245 _aभारतीय शास्त्रज्ञ
260 _bसुविचार प्रकाशन
_c1970
300 _a94
365 _b2
520 _aचरित्र
630 _aभारतीय शास्त्रज्ञ
650 _aचरित्र
730 _aभारतीय शास्त्रज्ञ
942 _cBOOK
999 _c616119
_d616116